Ginery Twichell papers, (Record no. 41953)

MARC details
000 -LEADER
fixed length control field 01488cpcaa2200313 a 4500
001 - CONTROL NUMBER
control field mm 79005604
003 - CONTROL NUMBER IDENTIFIER
control field DLC
005 - DATE AND TIME OF LATEST TRANSACTION
control field 20260227111651.0
008 - FIXED-LENGTH DATA ELEMENTS--GENERAL INFORMATION
fixed length control field 800102|||||||||||| eng
010 ## - LIBRARY OF CONGRESS CONTROL NUMBER
LC control number mm 79005604
040 ## - CATALOGING SOURCE
Original cataloging agency DLC
Transcribing agency DLC
Modifying agency DLC
Description conventions dacs
072 #7 - SUBJECT CATEGORY CODE
Subject category code W
Source lcmd
100 1# - MAIN ENTRY--PERSONAL NAME
Personal name Twichell, Ginery,
Dates associated with a name 1811-1883.
245 00 - TITLE STATEMENT
Title Ginery Twichell papers,
Inclusive dates 1849-1935.
300 ## - PHYSICAL DESCRIPTION
Extent 28
Type of unit items.
506 0# - RESTRICTIONS ON ACCESS NOTE
Terms governing access Open to research.
520 8# - SUMMARY, ETC.
Summary, etc. Correspondence, newspaper clippings, railroad timetables, circulars, a legislative bill, social invitation, bookplates, and other papers relating chiefly to Twichell's business interests as president of several railroad companies (1850s-1870s) and to his service as U.S. representative from Massachusetts (1867-1873).
533 ## - REPRODUCTION NOTE
Type of reproduction In part, handwritten transcript.
Place of reproduction [S.l.].
545 0# - BIOGRAPHICAL OR HISTORICAL DATA
Biographical or historical data U.S. representative from Massachusetts and railroad official.
546 ## - LANGUAGE NOTE
Language note Collection material in English.
580 ## - LINKING ENTRY COMPLEXITY NOTE
Linking entry complexity note Forms part of: Miscellaneous Manuscripts collection.
650 #0 - SUBJECT ADDED ENTRY--TOPICAL TERM
Topical term or geographic name entry element Railroad companies
Geographic subdivision United States.
651 #0 - SUBJECT ADDED ENTRY--GEOGRAPHIC NAME
Geographic name Massachusetts
General subdivision Politics and government
Chronological subdivision 1865-1950.
651 #0 - SUBJECT ADDED ENTRY--GEOGRAPHIC NAME
Geographic name United States
General subdivision Politics and government
Chronological subdivision 1865-1877.
656 #7 - INDEX TERM--OCCUPATION
Occupation Railroad officials.
Source of term itoamc
656 #7 - INDEX TERM--OCCUPATION
Occupation Representatives, U.S. Congress
Geographic subdivision Massachusetts.
Source of term itoamc

No items available.

Powered by Koha